| 000 | 00494nam a22001697a 4500 | ||
|---|---|---|---|
| 008 | 230530b |||||||| |||| 00| 0 eng d | ||
| 040 |
_aNational Science Library _cNational Science Library |
||
| 080 |
_a582.285.1(540) _bJ2 |
||
| 100 |
_aMundkur, B B _99285 |
||
| 245 | _aUstilaginales of India | ||
| 260 |
_aSurrey: _bThe Commonwealth Mycological Institute, _c1952 |
||
| 300 | _a83p. | ||
| 650 | _aSmut diseases | ||
| 653 | _aSmut fungi | ||
| 700 | _aThirumalachar, M J | ||
| 942 |
_2udc _cBK |
||
| 999 |
_c36762 _d36762 |
||